Écoles publiques construction et installation : les nouvelles écoles / Félix Narjoux les nouvelles écoles / Félix Narjoux
Descripción Física:
267 p., [10] f. plegats : il. ; 25 cm
Colección:
Ve série
MARC
| LEADER | 00000nam a2200000Ia 4500 | ||
|---|---|---|---|
| 001 | 18319 | ||
| 008 | 160829s1888 xx 000 0 cat d | ||
| 080 | |a E-1-276 | ||
| 100 | |a Narjoux, Félix |9 31693 | ||
| 245 | |a Écoles publiques construction et installation : |b les nouvelles écoles / Félix Narjoux | ||
| 260 | |a Paris : |b Librairie des Imprimeries Réunies, |c 1888 | ||
| 300 | |a 267 p., [10] f. plegats : |b il. ; |c 25 cm | ||
| 490 | |a Ve série | ||
| 590 | |a Text en francès | ||
| 650 | |a Educació |x França |x S. XIX |9 31694 | ||
| 650 | |a Escoles públiques |x França |x S. XIX |9 31695 | ||
| 901 | |a Arxiu | ||
| 942 | |n 1 | ||
| 952 | |0 0 |1 0 |4 0 |6 E1276 |7 1 |9 45727 |a Arxiu |b Arxiu |d 2016-12-01 |l 0 |o E-1-276 |p 18319 |r 2016-12-01 00:00:00 |w 2016-12-01 |y ARXIU | ||
| 999 | |c 49227 |d 49227 | ||